000 01084cab a2200325 4500
001 ABS56208
008 090401t1996 xxu||||| |||| 00| 0 eng d
035 _a(Sirsi) u21915
041 _aeng
100 _aSeidl, A.
245 _aGummer sets homework
260 _c1996
350 _a0
490 _aEstates Gazette
_v(9648) 30 November 1996, 48-54(7)
520 _aInvestigates the unique opportunity for the property industry to promote change to the planning system and innovation in redeveloping land and property, to satisfy government demand that 60% of the 4.4m extra households to be built over the next twenty years, be constructed in existing urban areas.
650 _aCONVERSION
650 _aENABLING DEVELOPMENT
650 _aHOUSE BUILDING
650 _aHOUSEHOLD PROJECTIONS
650 _aINNOVATION
650 _aNEW SETTLEMENTS
650 _aOFFICES
650 _aPLANNING SYSTEM
650 _aREDEVELOPMENT
650 _aRESIDENTIAL USE
650 _aURBAN AREAS
690 _aHOUSING-DEVELOPMENT
942 _n0
948 _c04/03/1997
999 _c14686
_d14686